[Event "DVM U20 2007"]
[Site "Kelheim GER"]
[Date "2007.12.30"]
[Round "7"]
[White "Sandring, Franz"]
[Black "Darr, Thomas"]
[Result "0-1"]
[Termination "normal"]
[Board "3.5"]
[WhiteElo "1543"]
[BlackElo "1941"]
[WhiteTeam "SC Leipzig-Gohlis"]
[BlackTeam "SC Dillingen"]
[PlyCount "132"]
[WhiteFideId "24659525"]
[BlackFideId "24647403"]
[EventCountry "GER"]
[EventRounds "7"]
[EventType "team-swiss"]
[EventDate "2007.12.26"]

1. d4 Nf6 2. c4 c5 3. d5 e6 4. Nc3 exd5 5. cxd5 d6 6. Bg5 g6 7. Nf3 Bg7 8. e4
O-O 9. Bd3 Nbd7 10. O-O a6 11. a4 Qc7 12. Rc1 Rb8 13. b3 Re8 14. Re1 Ng4 15. h3
Nge5 16. Nxe5 Nxe5 17. f4 Nxd3 18. Qxd3 Bd4+ 19. Kh1 Qd7 20. Ne2 Bg7 21. Nc3 b5
22. e5 bxa4 23. Nxa4 h6 24. Bh4 Rb4 25. Rc4 Rxc4 26. Qxc4 Qf5 27. g4 Qd7 28.
Nb6 Qb7 29. Nxc8 Qxc8 30. exd6 Rxe1+ 31. Bxe1 Bf8 32. b4 Bxd6 33. bxc5 Qxc5 34.
Qxc5 Bxc5 35. Kg2 f5 36. Kf3 Kf7 37. Bc3 Be7 38. Be5 Bf6 39. Bd6 Ke8 40. Bb4
Kd7 41. Ke3 Be7 42. Bc3 Bc5+ 43. Kd3 Bd6 44. Ke3 Bc7 45. Bg7 h5 46. gxh5 gxh5
47. Bc3 a5 48. Bd2 a4 49. Kd4 a3 50. Kd3 a2 51. Bc3 Kd6 52. Kd4 Bb6+ 53. Kc4
Be3 54. Be5+ Kd7 55. Kb3 Bxf4 56. Bb2 Kd6 57. Kxa2 Kxd5 58. Bf6 Kc4 59. Kb2 Kd3
60. Kb3 Bg3 61. Bg5 f4 62. Bxf4 Bxf4 63. Kb4 Ke3 64. Kc3 Kf3 65. Kd3 Be3 66.
Kc2 Kg3 0-1

[Event "DVM U20 2007"]
[Site "Kelheim GER"]
[Date "2007.12.30"]
[Round "7"]
[White "Schwarz, Andreas"]
[Black "Bohne, Alexander"]
[Result "1/2-1/2"]
[Termination "normal"]
[Board "3.6"]
[WhiteElo "1922"]
[BlackElo "1394"]
[WhiteTeam "SC Dillingen"]
[BlackTeam "SC Leipzig-Gohlis"]
[PlyCount "106"]
[WhiteFideId "24631795"]
[BlackFideId "24659533"]
[EventCountry "GER"]
[EventRounds "7"]
[EventType "team-swiss"]
[EventDate "2007.12.26"]

1. e4 d5 2. exd5 Nf6 3. d4 Nxd5 4. Nf3 Bg4 5. Be2 e6 6. O-O Be7 7. c4 Nb6 8. b3
O-O 9. Bb2 Bf6 10. Qd3 c5 11. Ba3 Na6 12. Nbd2 Bf5 13. Ne4 Nb4 14. Bxb4 cxb4
15. Nxf6+ Qxf6 16. Qe3 Rfd8 17. Rad1 Nd7 18. Rfe1 b6 19. Bd3 Rac8 20. h3 h6 21.
Rc1 Bxd3 22. Qxd3 Nc5 23. Qe3 Nb7 24. Red1 Nd6 25. Rd3 Qg6 26. Rcd1 Nf5 27. Qd2
a5 28. d5 exd5 29. Rxd5 Rxd5 30. Qxd5 Rc5 31. Qe4 Qc6 32. Qxc6 Rxc6 33. Rd8+
Kh7 34. Nd4 Nxd4 35. Rxd4 Kg6 36. f4 h5 37. Kf2 Re6 38. g4 f5 39. Rd5 Rf6 40.
Rxf5 Rxf5 41. gxf5+ Kxf5 42. Kf3 g6 43. Kg3 g5 44. fxg5 Kxg5 45. Kf3 Kf5 46.
Ke3 Ke5 47. Kd3 Ke6 48. Ke4 Kd6 49. Kd4 Kc6 50. Ke5 Kc5 51. Ke6 Kc6 52. Ke5 Kc5
53. Ke4 Kc6 1/2-1/2

[Event "DVM U20 2007"]
[Site "Kelheim GER"]
[Date "2007.12.30"]
[Round "7"]
[White "Hillmann, Michael"]
[Black "Hofmann, Annett"]
[Result "0-1"]
[Termination "normal"]
[Board "4.2"]
[WhiteElo "2088"]
[BlackElo "1973"]
[WhiteTeam "SV Sangerhausen"]
[BlackTeam "SF Hettstedt"]
[PlyCount "78"]
[WhiteFideId "24609889"]
[BlackFideId "24603759"]
[EventCountry "GER"]
[EventRounds "7"]
[EventType "team-swiss"]
[EventDate "2007.12.26"]

1. Nf3 c5 2. c4 f5 3. Nc3 Nf6 4. d3 g6 5. g3 Na6 6. Bg2 Bg7 7. O-O O-O 8. e4 d6
9. Nh4 fxe4 10. dxe4 Nd7 11. f4 Nb6 12. f5 gxf5 13. Nxf5 Bxf5 14. exf5 Qd7 15.
Qe2 Nb4 16. Bg5 Rxf5 17. Qxe7 Rxf1+ 18. Rxf1 Qxe7 19. Bxe7 Nxc4 20. a3 Ne3 21.
axb4 Nxf1 22. Kxf1 cxb4 23. Na4 Re8 24. Bxd6 b5 25. Nc5 Bxb2 26. Na6 Bc3 27.
Bxb4 Bxb4 28. Nxb4 a5 29. Nc6 a4 30. Nb4 Kg7 31. Bc6 Re5 32. Kf2 a3 33. Bf3 Rc5
34. Be4 Rc4 35. Na2 b4 36. Bd5 Rd4 37. Be6 b3 38. Ke3 bxa2 39. Bxa2 Rb4 0-1

[Event "DVM U20 2007"]
[Site "Kelheim GER"]
[Date "2007.12.30"]
[Round "7"]
[White "Friedrich, Kai"]
[Black "Lieder, Konrad"]
[Result "0-1"]
[Termination "normal"]
[Board "4.3"]
[WhiteElo "1898"]
[BlackElo "2123"]
[WhiteTeam "SF Hettstedt"]
[BlackTeam "SV Sangerhausen"]
[PlyCount "90"]
[WhiteFideId "24609820"]
[BlackFideId "4692721"]
[EventCountry "GER"]
[EventRounds "7"]
[EventType "team-swiss"]
[EventDate "2007.12.26"]

1. e4 c6 2. d4 d5 3. f3 dxe4 4. fxe4 e5 5. Nf3 exd4 6. Bc4 Be6 7. Bxe6 fxe6 8.
Qxd4 Nd7 9. Ng5 e5 10. Qc4 Qe7 11. Be3 Qb4+ 12. Nd2 Qxc4 13. Nxc4 b5 14. Nd2
Ngf6 15. h3 h6 16. Ngf3 Bb4 17. c3 Ba5 18. Rf1 Ke7 19. Ke2 Nh5 20. Kf2 g5 21.
g3 Ke6 22. Rad1 Bb6 23. Bxb6 axb6 24. a3 Nc5 25. Kg2 Rhd8 26. c4 Rd3 27. cxb5
cxb5 28. b4 Na4 29. Nxe5 Rxg3+ 30. Kh2 Kxe5 31. Rf5+ Ke6 32. Nf3 Nc3 33. Re5+
Kf7 34. Rd7+ Kg8 35. Nd4 Rd3 36. Re6 Rd2+ 37. Kg1 Ne2+ 38. Kf1 Rxd4 39. Rg6+
Kf8 40. Rb7 Neg3+ 41. Ke1 Rxe4+ 42. Kd1 Rd8+ 43. Kc2 Re2+ 44. Kc1 Re1+ 45. Kc2
Ne4 0-1

[Event "DVM U20 2007"]
[Site "Kelheim GER"]
[Date "2007.12.30"]
[Round "7"]
[White "Günther, Christian"]
[Black "Kunth, Tobias"]
[Result "1/2-1/2"]
[Termination "normal"]
[Board "4.4"]
[WhiteElo "2075"]
[BlackElo "2087"]
[WhiteTeam "SV Sangerhausen"]
[BlackTeam "SF Hettstedt"]
[PlyCount "87"]
[WhiteFideId "24659380"]
[BlackFideId "24637319"]
[EventCountry "GER"]
[EventRounds "7"]
[EventType "team-swiss"]
[EventDate "2007.12.26"]

1. Nf3 g6 2. c4 Bg7 3. Nc3 d6 4. d4 Nd7 5. e4 e5 6. d5 Ne7 7. Be2 O-O 8. O-O f5
9. Ne1 fxe4 10. Nxe4 Nf6 11. Nxf6+ Bxf6 12. Nd3 Nf5 13. Bg4 Nd4 14. Bxc8 Qxc8
15. f4 exf4 16. Nxf4 Be5 17. Be3 Nf5 18. Bc1 Bxf4 19. Bxf4 Qd7 20. Rc1 Rae8 21.
Qd3 Rf7 22. h3 Rfe7 23. g4 Ng7 24. Bh6 Re2 25. Rf6 Re1+ 26. Rf1 R1e4 27. Rc2
Re1 28. Rcf2 Rxf1+ 29. Rxf1 Qe7 30. Qf3 Rf8 31. Qxf8+ Qxf8 32. Rxf8+ Kxf8 33.
Kf2 Kf7 34. Kf3 Ne8 35. Be3 a6 36. b4 c6 37. dxc6 bxc6 38. Bg5 Ke6 39. Ke4 Nf6+
40. Bxf6 Kxf6 41. a4 Ke6 42. b5 axb5 43. axb5 Kd7 44. Kd4 1/2-1/2

[Event "DVM U20 2007"]
[Site "Kelheim GER"]
[Date "2007.12.30"]
[Round "7"]
[White "Kaczmarek, Felix"]
[Black "Richter, Dustin"]
[Result "1-0"]
[Termination "normal"]
[Board "4.5"]
[WhiteElo "1814"]
[BlackElo "1886"]
[WhiteTeam "SF Hettstedt"]
[BlackTeam "SV Sangerhausen"]
[PlyCount "63"]
[WhiteFideId "24659444"]
[BlackFideId "4649001"]
[EventCountry "GER"]
[EventRounds "7"]
[EventType "team-swiss"]
[EventDate "2007.12.26"]

1. c4 Nf6 2. Nc3 g6 3. g3 Bg7 4. Bg2 O-O 5. e4 d6 6. Nge2 c6 7. O-O e5 8. d3
Be6 9. h3 d5 10. cxd5 cxd5 11. f4 dxe4 12. fxe5 exd3 13. exf6 dxe2 14. Nxe2
Qb6+ 15. Kh2 Rd8 16. Qa4 Bf8 17. Qh4 Bd5 18. Bh6 Bc5 19. Nf4 Bxg2 20. Nxg6 fxg6
21. Qc4+ Bd5 22. f7+ Kh8 23. Qc3+ Bd4 24. f8=R+ Bg8 25. Qc4 Rxf8 26. Rxf8 Qxb2+
27. Kh1 Qxa1+ 28. Bc1 Qxc1+ 29. Qxc1 Kg7 30. Rd8 Be5 31. Qc5 Bf7 32. Qxe5+ 1-0

[Event "DVM U20 2007"]
[Site "Kelheim GER"]
[Date "2007.12.30"]
[Round "7"]
[White "Wölfer, Jan"]
[Black "Friedrich, Jan"]
[Result "1-0"]
[Termination "normal"]
[Board "4.6"]
[WhiteElo "1803"]
[BlackElo "1507"]
[WhiteTeam "SV Sangerhausen"]
[BlackTeam "SF Hettstedt"]
[PlyCount "41"]
[WhiteFideId "24659398"]
[BlackFideId "24659452"]
[EventCountry "GER"]
[EventRounds "7"]
[EventType "team-swiss"]
[EventDate "2007.12.26"]

1. e4 e6 2. d4 d5 3. Nc3 Bb4 4. e5 c5 5. a3 Bxc3+ 6. bxc3 c4 7. Qg4 g6 8. Bg5
Qa5 9. Kd2 Nc6 10. Nf3 Nce7 11. Qf4 Qc7 12. Bf6 Nxf6 13. Qxf6 Rf8 14. Ng5 h6
15. Nh7 Rg8 16. Qf4 Rh8 17. Qxh6 Kd8 18. Qg7 Re8 19. Qxf7 Rg8 20. Nf6 Rh8 21.
Qg7 1-0

[Event "DVM U20 2007"]
[Site "Kelheim GER"]
[Date "2007.12.30"]
[Round "7"]
[White "Siebarth, Raiko"]
[Black "Krug, Kevin"]
[Result "1-0"]
[Termination "normal"]
[Board "5.1"]
[WhiteElo "2246"]
[BlackElo "2177"]
[WhiteTeam "SG Blau-Weiß Stadtilm"]
[BlackTeam "SF Köln-Mülheim"]
[PlyCount "83"]
[WhiteFideId "4674766"]
[BlackFideId "24609110"]
[EventCountry "GER"]
[EventRounds "7"]
[EventType "team-swiss"]
[EventDate "2007.12.26"]

1. e4 c6 2. Nc3 d5 3. f4 g6 4. Nf3 Bg7 5. d4 dxe4 6. Nxe4 Bg4 7. c3 Nf6 8. Nf2
Bxf3 9. Qxf3 Qd5 10. Be2 O-O 11. O-O Qxf3 12. Bxf3 Nd5 13. Bd2 Nd7 14. Rfe1
Rfe8 15. Nd3 N5b6 16. b3 Rac8 17. a4 a5 18. Ne5 f6 19. Nxd7 Nxd7 20. Bg4 f5 21.
Bf3 e6 22. Rac1 Nb6 23. Kf1 Kf7 24. Re2 Nd5 25. Rce1 b6 26. g3 Nf6 27. Kg2 c5
28. dxc5 bxc5 29. c4 Rb8 30. Bxa5 Rxb3 31. Bc6 Rc8 32. Rxe6 Rb2+ 33. Kg1 Ne4
34. Bd5 Bd4+ 35. Kh1 Nf2+ 36. Kg2 Ng4+ 37. R6e2+ Kf8 38. Rxb2 Bxb2 39. Bb6 Bd4
40. a5 Ne3+ 41. Rxe3 Bxe3 42. a6 1-0

[Event "DVM U20 2007"]
[Site "Kelheim GER"]
[Date "2007.12.30"]
[Round "7"]
[White "Papaioannou, Dimitri"]
[Black "Schneider, Christian"]
[Result "0-1"]
[Termination "normal"]
[Board "5.2"]
[WhiteElo "1998"]
[BlackElo "2064"]
[WhiteTeam "SF Köln-Mülheim"]
[BlackTeam "SG Blau-Weiß Stadtilm"]
[PlyCount "86"]
[WhiteFideId "24673170"]
[BlackFideId "24613886"]
[EventCountry "GER"]
[EventRounds "7"]
[EventType "team-swiss"]
[EventDate "2007.12.26"]

1. d4 d5 2. Nf3 Nf6 3. c4 e6 4. g3 Be7 5. Bg2 O-O 6. O-O c6 7. Nbd2 Nbd7 8. b3
b6 9. Bb2 Bb7 10. Ne5 Nxe5 11. dxe5 Nd7 12. e4 dxc4 13. Nxc4 Ba6 14. Qc2 Qc7
15. Rfd1 Bxc4 16. Qxc4 Nxe5 17. Bxe5 Qxe5 18. Qxc6 Rac8 19. Qa4 Rc2 20. Rac1
Rxc1 21. Rxc1 Qb2 22. Rf1 a5 23. Qb5 Bc5 24. a4 Rd8 25. h4 h5 26. Qc6 g6 27.
Qc7 Rd3 28. Qf4 e5 29. Qg5 Kg7 30. Bh3 f6 31. Qc1 Bxf2+ 32. Kh1 Qxc1 33. Rxc1
Rxb3 34. Rc7+ Kh6 35. Be6 Rxg3 36. Bg8 g5 37. hxg5+ fxg5 38. Rc6+ Kg7 39. Bd5
g4 40. Rc7+ Kh6 41. Kh2 Rg1 42. Rf7 Bd4 43. Rf5 g3+ 0-1

[Event "DVM U20 2007"]
[Site "Kelheim GER"]
[Date "2007.12.30"]
[Round "7"]
[White "Hoffmann, Lena"]
[Black "Krutwig, Longlong"]
[Result "0-1"]
[Termination "normal"]
[Board "5.3"]
[WhiteElo "1876"]
[BlackElo "2169"]
[WhiteTeam "SG Blau-Weiß Stadtilm"]
[BlackTeam "SF Köln-Mülheim"]
[PlyCount "100"]
[WhiteFideId "24626597"]
[BlackFideId "24629979"]
[EventCountry "GER"]
[EventRounds "7"]
[EventType "team-swiss"]
[EventDate "2007.12.26"]

1. Nc3 d5 2. e4 dxe4 3. Nxe4 Nd7 4. d4 Ngf6 5. Ng3 e6 6. Nf3 c5 7. Be2 b6 8.
O-O Bb7 9. c3 Qc7 10. Qc2 Rc8 11. Be3 Nd5 12. a3 N7f6 13. Bb5+ Bc6 14. Bxc6+
Qxc6 15. Ne5 Qc7 16. Qa4+ Nd7 17. Rad1 Rb8 18. Nc6 Rc8 19. Ne5 c4 20. Ne4 f6
21. Nxd7 Qxd7 22. Qc2 Be7 23. Qd2 O-O 24. f4 f5 25. Ng5 Nf6 26. Qe2 Bd6 27. g3
Rfe8 28. Nf3 Qb7 29. Rfe1 Qd5 30. Bc1 Rc7 31. Ne5 Rce7 32. Qxc4 Qb7 33. Qc6
Bxe5 34. Qxb7 Bxd4+ 35. Rxd4 Rxb7 36. Rd6 Kf7 37. Be3 Rc7 38. Rd3 e5 39. fxe5
Rxe5 40. Red1 Rce7 41. Bf2 g5 42. Rd4 Ne4 43. Rf1 Kg6 44. Kg2 Nf6 45. Rdd1 Re2
46. Rde1 Ng4 47. h3 Ne3+ 48. Kf3 Nxf1 49. Rxf1 g4+ 50. hxg4 fxg4+ 0-1

[Event "DVM U20 2007"]
[Site "Kelheim GER"]
[Date "2007.12.30"]
[Round "7"]
[White "Schehl, Michael"]
[Black "Berner, Stephan"]
[Result "0-1"]
[Termination "normal"]
[Board "5.4"]
[WhiteElo "1830"]
[BlackElo "1912"]
[WhiteTeam "SF Köln-Mülheim"]
[BlackTeam "SG Blau-Weiß Stadtilm"]
[PlyCount "68"]
[BlackFideId "24613126"]
[EventCountry "GER"]
[EventRounds "7"]
[EventType "team-swiss"]
[EventDate "2007.12.26"]

1. d4 d5 2. Nf3 Nf6 3. Bf4 e6 4. e3 Be7 5. Bd3 O-O 6. Nbd2 c5 7. c3 Nc6 8. O-O
c4 9. Bc2 b5 10. e4 b4 11. exd5 exd5 12. cxb4 Qb6 13. Be3 Bxb4 14. a3 Bd6 15.
b3 cxb3 16. Bxb3 Bf5 17. Bc2 Bxc2 18. Qxc2 Rfc8 19. Qd3 Rab8 20. Rfb1 Qc7 21.
Rxb8 Rxb8 22. Rb1 Rxb1+ 23. Nxb1 Na5 24. Nc3 Qc4 25. Qxc4 Nxc4 26. a4 a6 27.
Bg5 Bb4 28. Na2 a5 29. Nxb4 axb4 30. Nd2 Ne4 31. Be7 Nexd2 32. Bxb4 Nb3 33. Kf1
Nxd4 34. a5 Nc6 0-1

[Event "DVM U20 2007"]
[Site "Kelheim GER"]
[Date "2007.12.30"]
[Round "7"]
[White "George, Tom"]
[Black "Butschek, Tanja"]
[Result "1/2-1/2"]
[Termination "normal"]
[Board "5.5"]
[WhiteElo "1684"]
[BlackElo "2043"]
[WhiteTeam "SG Blau-Weiß Stadtilm"]
[BlackTeam "SF Köln-Mülheim"]
[PlyCount "68"]
[WhiteFideId "24659487"]
[BlackFideId "24604640"]
[EventCountry "GER"]
[EventRounds "7"]
[EventType "team-swiss"]
[EventDate "2007.12.26"]

1. e4 c5 2. Nf3 e6 3. Nc3 Nc6 4. d4 cxd4 5. Nxd4 Nf6 6. Ndb5 Bb4 7. a3 Bxc3+ 8.
Nxc3 d5 9. exd5 exd5 10. Bd3 d4 11. Ne4 O-O 12. O-O Bf5 13. Nc5 Bxd3 14. Nxd3
Re8 15. Bg5 Qd6 16. Bxf6 Qxf6 17. Qd2 Rac8 18. Rfe1 Ne5 19. Nxe5 Rxe5 20. Rxe5
Qxe5 21. Rd1 h6 22. h3 Qf5 23. Qxd4 Rxc2 24. Rd2 Rc6 25. Qd8+ Kh7 26. Qd3 Rc1+
27. Kh2 Qxd3 28. Rxd3 Rc2 29. Rb3 b6 30. Kg3 g5 31. Kf3 Kg6 32. g3 f5 33. Rb5
Kf6 34. h4 Ke6 1/2-1/2

[Event "DVM U20 2007"]
[Site "Kelheim GER"]
[Date "2007.12.30"]
[Round "7"]
[White "Luo, Xinping"]
[Black "Lange, Jan-David"]
[Result "1-0"]
[Termination "normal"]
[Board "6.1"]
[WhiteElo "1971"]
[BlackElo "2116"]
[WhiteTeam "Heilbronner SV"]
[BlackTeam "SC Tamm"]
[PlyCount "51"]
[WhiteFideId "4648951"]
[BlackFideId "24614963"]
[EventCountry "GER"]
[EventRounds "7"]
[EventType "team-swiss"]
[EventDate "2007.12.26"]

1. e4 c5 2. Nf3 Nc6 3. d4 cxd4 4. Nxd4 Nf6 5. Nc3 d6 6. Bg5 e6 7. Qd2 Be7 8.
O-O-O Nxd4 9. Qxd4 O-O 10. f4 Qa5 11. Bc4 Bd7 12. Rd3 b5 13. Rg3 Kh8 14. Bd3 b4
15. e5 Ng8 16. exd6 Bf6 17. Rh3 h6 18. Bxf6 Nxf6 19. Rxh6+ gxh6 20. Qxf6+ Kg8
21. Re1 Qh5 22. Re3 Qxh2 23. Ne2 Ba4 24. Rg3+ Qxg3 25. Nxg3 Rfb8 26. Nh5 1-0

[Event "DVM U20 2007"]
[Site "Kelheim GER"]
[Date "2007.12.30"]
[Round "7"]
[White "Döring, Andreas"]
[Black "Geshnizjani, Ramin Tobias"]
[Result "1/2-1/2"]
[Termination "normal"]
[Board "6.2"]
[WhiteElo "1830"]
[BlackElo "2062"]
[WhiteTeam "SC Tamm"]
[BlackTeam "Heilbronner SV"]
[PlyCount "114"]
[WhiteFideId "24621030"]
[BlackFideId "24633089"]
[EventCountry "GER"]
[EventRounds "7"]
[EventType "team-swiss"]
[EventDate "2007.12.26"]

1. e4 c6 2. d4 d5 3. exd5 cxd5 4. c4 Nf6 5. Nc3 Nc6 6. Bf4 e6 7. c5 Be7 8. Nf3
O-O 9. Bb5 Bd7 10. O-O Ne4 11. Qe2 Nxc3 12. bxc3 b6 13. cxb6 Qxb6 14. Rab1 Qa5
15. Bd2 Qc7 16. c4 dxc4 17. Bxc4 Qd6 18. Rbd1 Nb4 19. Bg5 Bxg5 20. Nxg5 Bc6 21.
Rfe1 Bd5 22. Bd3 Nxd3 23. Qxd3 f5 24. Qe2 Rf6 25. Qh5 Rh6 26. Qf7+ Kh8 27. g3
Qf8 28. Qd7 Rf6 29. Nxe6 Bxe6 30. Rxe6 h6 31. Rde1 Rxe6 32. Qxe6 Rd8 33. d5 Qc5
34. Rd1 f4 35. gxf4 Rf8 36. Qe5 Qc2 37. Re1 Qg6+ 38. Kh1 Qg4 39. Re3 Qxf4 40.
Qxf4 Rxf4 41. d6 Rd4 42. Re8+ Kh7 43. Ra8 Rxd6 44. Rxa7 Rd2 45. Kg2 Rd3 46. a4
Ra3 47. a5 Kg6 48. a6 Kf6 49. f3 Kg6 50. Kg3 Kf6 51. Ra8 Kg6 52. Kf4 Kf6 53.
Ke4 Kg6 54. f4 Ra5 55. Ra7 Kf6 56. Ra8 Kg6 57. a7 Ra4+ 1/2-1/2

[Event "DVM U20 2007"]
[Site "Kelheim GER"]
[Date "2007.12.30"]
[Round "7"]
[White "Seiler, Sascha"]
[Black "Schäfer, Alexander"]
[Result "1-0"]
[Termination "normal"]
[Board "6.3"]
[WhiteElo "2035"]
[BlackElo "1975"]
[WhiteTeam "Heilbronner SV"]
[BlackTeam "SC Tamm"]
[PlyCount "45"]
[WhiteFideId "24630594"]
[BlackFideId "24615196"]
[EventCountry "GER"]
[EventRounds "7"]
[EventType "team-swiss"]
[EventDate "2007.12.26"]

1. d4 Nf6 2. c4 e6 3. Nf3 b6 4. g3 Bb7 5. Bg2 d5 6. O-O Bd6 7. Ne5 Nbd7 8. f4
O-O 9. Nc3 c5 10. e3 Rc8 11. b3 Ba6 12. Ba3 Bxe5 13. dxe5 Ne8 14. Rf2 dxc4 15.
Rd2 Rc7 16. bxc4 f6 17. Qa4 Bc8 18. exf6 Qxf6 19. Bb2 a6 20. Nd5 Qf7 21. Nxc7
Nxc7 22. Qc6 Nf6 23. Be5 1-0

[Event "DVM U20 2007"]
[Site "Kelheim GER"]
[Date "2007.12.30"]
[Round "7"]
[White "Andraschko, Felix"]
[Black "Weissbeck, Simon"]
[Result "1-0"]
[Termination "normal"]
[Board "6.4"]
[WhiteElo "2013"]
[BlackElo "1794"]
[WhiteTeam "SC Tamm"]
[BlackTeam "Heilbronner SV"]
[PlyCount "53"]
[WhiteFideId "24628174"]
[BlackFideId "24646865"]
[EventCountry "GER"]
[EventRounds "7"]
[EventType "team-swiss"]
[EventDate "2007.12.26"]

1. d4 Nf6 2. Nf3 g6 3. Nc3 Bg7 4. e4 d6 5. Be3 O-O 6. Qd2 e5 7. O-O-O exd4 8.
Nxd4 Bd7 9. f3 Nc6 10. g4 Nxd4 11. Bxd4 Bc6 12. h4 Nd7 13. Bxg7 Kxg7 14. g5 Qe7
15. h5 Rad8 16. f4 Nb6 17. Re1 Rde8 18. Bd3 Qd7 19. Rh4 Rh8 20. Reh1 d5 21.
hxg6 fxg6 22. Qh2 Kg8 23. e5 Re7 24. Bxg6 d4 25. Ne4 Bxe4 26. Bxe4 Qa4 27.
Bxh7+ 1-0

[Event "DVM U20 2007"]
[Site "Kelheim GER"]
[Date "2007.12.30"]
[Round "7"]
[White "Schwarz, Felix"]
[Black "Stegmaier, Michael"]
[Result "1-0"]
[Termination "normal"]
[Board "6.5"]
[WhiteElo "1793"]
[BlackElo "1799"]
[WhiteTeam "Heilbronner SV"]
[BlackTeam "SC Tamm"]
[PlyCount "87"]
[WhiteFideId "4639065"]
[BlackFideId "24630659"]
[EventCountry "GER"]
[EventRounds "7"]
[EventType "team-swiss"]
[EventDate "2007.12.26"]

1. d4 d5 2. Nf3 Nf6 3. Bg5 Bg4 4. e3 Nbd7 5. c4 e6 6. Nc3 c6 7. cxd5 exd5 8.
Bd3 Be7 9. Rc1 O-O 10. Qb3 Qb6 11. Qc2 h6 12. Bh4 Bb4 13. a3 Bxc3+ 14. Qxc3 Ne4
15. Qc2 Qa5+ 16. Nd2 Nxd2 17. Qxd2 Qxd2+ 18. Kxd2 f5 19. f3 Bh5 20. Rhg1 f4 21.
e4 dxe4 22. fxe4 Nf6 23. Bxf6 gxf6 24. Rgf1 Rad8 25. Kc3 Rd6 26. Rxf4 Rfd8 27.
Bc4+ Bf7 28. Bxf7+ Kxf7 29. e5 Re6 30. Rcf1 Kg7 31. Rxf6 Re7 32. R1f4 c5 33.
Rg4+ Kh7 34. dxc5 Rxe5 35. Rf7+ Kh8 36. Rxb7 Rxc5+ 37. Kb4 Rc2 38. b3 Rdd2 39.
Rxa7 Rxg2 40. Re4 Rc8 41. h4 Rg3 42. Rb7 Rg6 43. a4 h5 44. Rb5 1-0

[Event "DVM U20 2007"]
[Site "Kelheim GER"]
[Date "2007.12.30"]
[Round "7"]
[White "Kaiser, Sören"]
[Black "Huynh, Nhi Lang"]
[Result "1-0"]
[Termination "normal"]
[Board "6.6"]
[WhiteElo "1437"]
[BlackElo "1547"]
[WhiteTeam "SC Tamm"]
[BlackTeam "Heilbronner SV"]
[PlyCount "109"]
[WhiteFideId "24669628"]
[BlackFideId "24669180"]
[EventCountry "GER"]
[EventRounds "7"]
[EventType "team-swiss"]
[EventDate "2007.12.26"]

1. e4 c5 2. Nf3 Nc6 3. d4 cxd4 4. Nxd4 e5 5. Nf3 Nf6 6. Bc4 Bc5 7. O-O O-O 8.
Nc3 a6 9. Bg5 Be7 10. Qd2 b5 11. Bb3 Na5 12. Bxf6 Bxf6 13. Qd6 Nxb3 14. axb3
Bb7 15. Rfd1 Bc6 16. Nd5 h6 17. Nxe5 Bxe5 18. Qxe5 Re8 19. Qd4 Qb8 20. f3 Re6
21. Qb6 Qxb6+ 22. Nxb6 Ra7 23. Nd5 Bxd5 24. Rxd5 Rc6 25. c3 Rac7 26. Rad1 Kf8
27. Rxd7 Rxd7 28. Rxd7 Ke8 29. Rd5 Ke7 30. Kf2 Ke6 31. Ke3 g5 32. h4 f6 33.
hxg5 hxg5 34. Kd4 Rc7 35. c4 bxc4 36. bxc4 Rb7 37. Kc3 Rc7 38. b4 Rc6 39. Ra5
Kd6 40. b5 axb5 41. Rxb5 Ra6 42. c5+ Kc6 43. Rb6+ Rxb6 44. cxb6 Kxb6 45. Kd4
Kc6 46. e5 Kd7 47. Kd5 Ke7 48. e6 f5 49. g3 f4 50. g4 Ke8 51. Ke5 Ke7 52. Kf5
Kf8 53. Kf6 Ke8 54. e7 Kd7 55. Kf7 1-0

[Event "DVM U20 2007"]
[Site "Kelheim GER"]
[Date "2007.12.30"]
[Round "7"]
[White "Geske, Julian"]
[Black "Schmitt, Philipp"]
[Result "1/2-1/2"]
[Termination "normal"]
[Board "7.1"]
[WhiteElo "2206"]
[BlackElo "2025"]
[WhiteTeam "SV Hofheim"]
[BlackTeam "SF Bad Mergentheim"]
[PlyCount "96"]
[WhiteFideId "24605263"]
[BlackFideId "24641766"]
[EventCountry "GER"]
[EventRounds "7"]
[EventType "team-swiss"]
[EventDate "2007.12.26"]

1. e4 e6 2. d4 d5 3. Nd2 c5 4. Ngf3 Nc6 5. exd5 exd5 6. dxc5 Bxc5 7. Nb3 Bb6 8.
Bb5 Nf6 9. O-O O-O 10. Be3 Bxe3 11. fxe3 Ne4 12. Bxc6 bxc6 13. Qd4 Ba6 14. Rfe1
Qe7 15. Nfd2 Nxd2 16. Qxd2 Rfd8 17. Qd4 Bc8 18. Nc5 Bf5 19. Re2 Rab8 20. c3 Be4
21. b4 Rd6 22. Rd1 Rbd8 23. Red2 Bf5 24. Rf1 Be4 25. Rf4 h6 26. Rdf2 Bg6 27.
Rg4 Re8 28. Rg3 Kh8 29. Rf4 Kg8 30. Kf2 Qe5 31. Nb3 Rd7 32. Na5 Rc7 33. Kg1 Kh8
34. Nb3 Rd7 35. Rf1 Rde7 36. Re1 Kg8 37. Nc5 Kh8 38. Rf3 Kg8 39. Rh3 Be4 40.
Rg3 Bg6 41. Rf3 Be4 42. Rg3 Bg6 43. Nb3 Kh8 44. Qc5 Rc7 45. Nd4 Qe7 46. Nb3 Qe5
47. Nd2 Qe7 48. Nb3 Qe5 1/2-1/2

[Event "DVM U20 2007"]
[Site "Kelheim GER"]
[Date "2007.12.30"]
[Round "7"]
[White "Dapprich, Maximilian"]
[Black "Piven, Vladimir"]
[Result "1-0"]
[Termination "normal"]
[Board "7.3"]
[WhiteElo "1922"]
[BlackElo "1829"]
[WhiteTeam "SV Hofheim"]
[BlackTeam "SF Bad Mergentheim"]
[PlyCount "99"]
[WhiteFideId "24666041"]
[BlackFideId "4670272"]
[EventCountry "GER"]
[EventRounds "7"]
[EventType "team-swiss"]
[EventDate "2007.12.26"]

1. d4 d5 2. Nf3 Nf6 3. c4 e6 4. Nc3 Nbd7 5. Bg5 c6 6. e3 Bb4 7. Bd3 Qa5 8. O-O
Bxc3 9. bxc3 dxc4 10. Bxc4 Ne4 11. Bh4 Nxc3 12. Qb3 O-O 13. Be7 Ne4 14. Bxf8
Nxf8 15. Bd3 Nf6 16. Rfc1 N8d7 17. Rab1 e5 18. dxe5 Nxe5 19. Nxe5 Qxe5 20. Qc3
Qg5 21. Qc5 Qh4 22. Qe5 g6 23. g3 Qxh2+ 24. Kxh2 Ng4+ 25. Kg2 Nxe5 26. Be2 f6
27. f4 Nf7 28. Bf3 Kf8 29. Rd1 Ke7 30. g4 Nd6 31. Rh1 h5 32. gxh5 gxh5 33. Rxh5
a6 34. Rh7+ Kf8 35. Rd1 Kg8 36. Re7 Kf8 37. Rc7 Ne8 38. Rh7 Kg8 39. Re7 Kf8 40.
Rh7 Kg8 41. Rdh1 Nd6 42. Bd1 c5 43. Bf3 c4 44. Bd5+ Kf8 45. Rh8+ Ke7 46. R1h7+
Nf7 47. Rxf7+ Kd6 48. Rd8+ Kc5 49. Rc7+ Kb4 50. Rxc4+ 1-0

[Event "DVM U20 2007"]
[Site "Kelheim GER"]
[Date "2007.12.30"]
[Round "7"]
[White "Krebs, Alexander"]
[Black "Hartmann, Nicolas"]
[Result "1/2-1/2"]
[Termination "normal"]
[Board "7.4"]
[WhiteElo "1550"]
[BlackElo "2003"]
[WhiteTeam "SF Bad Mergentheim"]
[BlackTeam "SV Hofheim"]
[PlyCount "62"]
[WhiteFideId "24670626"]
[BlackFideId "24626481"]
[EventCountry "GER"]
[EventRounds "7"]
[EventType "team-swiss"]
[EventDate "2007.12.26"]

1. e4 e5 2. f4 Bc5 3. Nf3 d6 4. Nc3 Bb6 5. Bc4 Nc6 6. Na4 Nf6 7. Nxb6 axb6 8.
d3 Bg4 9. O-O Nd4 10. fxe5 dxe5 11. Bxf7+ Kf8 12. Bc4 b5 13. Bb3 Bxf3 14. gxf3
Nxb3 15. cxb3 Qd4+ 16. Kh1 Kg8 17. Bg5 Rd8 18. f4 exf4 19. Rxf4 Qxd3 20. Qxd3
Rxd3 21. Bxf6 gxf6 22. Rxf6 Kg7 23. e5 Re8 24. Rg1+ Kh8 25. Rf7 c6 26. e6 Re3
27. Rgg7 Re1+ 28. Kg2 Rg8 29. Kf2 Rxg7 30. Kxe1 Rxf7 31. exf7 Kg7 1/2-1/2